Score 0/22 Timer 05:00
4 Plays Today
% Correct
C'è la luna 'n menzu 'u mari
94.3%
Cinquantamila
89.3%
Consigliere
86.9%
Morta
86.5%
Grazie
85.7%
Come si chiama
84.8%
Scusi
84.4%
Come si dice
76.7%
Bene
75.5%
Sfortunato
75.5%
Bocca
69.8%
% Correct
Prego
68.6%
Mi dispiace
67.4%
Macchina
67.2%
Dove vai
65.7%
Figlia
64.8%
Traduci
64.6%
Andiamo
61.8%
Aspetta
52.7%
Gabagool
51.8%
Pezzonovante
44.3%
Accura
36.8%
Remove Ads.
Support Sporcle.
Get the best of Sporcle when you Go Orange. This ad-free experience offers more features, more stats, and more fun while also helping to support Sporcle. Thank you for becoming a member.

You're not logged in!

Compare scores with friends on all Sporcle quizzes.
OR
Log In

Show Comments

Extras

Top Quizzes Today


Score Distribution

Your Account Isn't Verified!

In order to create a playlist on Sporcle, you need to verify the email address you used during registration. Go to your Sporcle Settings to finish the process.

Report this User

Report this user for behavior that violates our Community Guidelines.

Details: